<?xml version="1.0" encoding="UTF-8"?>
<marc:record xmlns:marc="http://www.loc.gov/MARC21/slim">
   <marc:leader>00000nam a2200000 a 4500</marc:leader>
   <marc:datafield ind1="1" ind2=" " tag="100">
      <marc:subfield code="a">Sturm, Hilmar</marc:subfield>
      <marc:subfield code="4">aut</marc:subfield>
      <marc:subfield code="e">Verfasser/-in</marc:subfield>
   </marc:datafield>
   <marc:datafield ind1="1" ind2=" " tag="100">
      <marc:subfield code="a">Weilmeier, Christian</marc:subfield>
      <marc:subfield code="4">aut</marc:subfield>
      <marc:subfield code="e">Verfasser/-in</marc:subfield>
   </marc:datafield>
   <marc:datafield ind1=" " ind2=" " tag="653">
      <marc:subfield code="a">S||Ernährung</marc:subfield>
   </marc:datafield>
   <marc:datafield ind1=" " ind2=" " tag="653">
      <marc:subfield code="a">S||Bürgergutachten</marc:subfield>
   </marc:datafield>
   <marc:datafield ind1=" " ind2=" " tag="653">
      <marc:subfield code="a">S||Verbraucherschutz</marc:subfield>
   </marc:datafield>
   <marc:datafield ind1=" " ind2=" " tag="653">
      <marc:subfield code="a">S||Bayern</marc:subfield>
   </marc:datafield>
   <marc:datafield ind1="0" ind2="0" tag="245">
      <marc:subfield code="a">Bürgergutachten zum Verbraucherschutz in Bayern</marc:subfield>
   </marc:datafield>
   <marc:datafield ind1="0" ind2="0" tag="245">
      <marc:subfield code="b">im Auftrag des Bayerischen Staatsministeriums für Gesundheit, Ernährung und Verbraucherschutz</marc:subfield>
   </marc:datafield>
   <marc:datafield ind1="0" ind2="0" tag="245">
      <marc:subfield code="c">Hilmar Sturm ; Christian Weilmeier</marc:subfield>
   </marc:datafield>
   <marc:datafield ind1=" " ind2="1" tag="264">
      <marc:subfield code="a">München</marc:subfield>
      <marc:subfield code="c">2002</marc:subfield>
   </marc:datafield>
   <marc:datafield ind1="1" ind2=" " tag="520">
      <marc:subfield code="a">Ein ausgezeichnetes Beispiel einer Planungszelle liegt  mit diesem von Hilmar Sturm u. a. präsentierten Bürgergutachten zum Verbraucherschutz in Bayern vor, das im Auftrag des Bayerischen Staatsministeriums für Ernährung und Verbraucherschutz von 425 Beteiligten erarbeitet wurde. Die beim Auftraggeber anzufordernde Broschüre (Schellingstraße 155, 80797 München, Tel. 089/2170-04) informiert ausführlich über den methodischen Ansatz, die Verfahrensbewertung durch die BürgergutachterInnen sowie v. a. auch über die in insgesamt 16 Einheiten erarbeiten Ergebnisse, die von den Aspekten Umwelt und Gesundheit über Arzneimittel und die Sicherheit technischer Geräte bis hin grundsätzlichen Überlegungen zum Konsumverhalten reichen.</marc:subfield>
   </marc:datafield>
   <marc:datafield ind1=" " ind2=" " tag="300">
      <marc:subfield code="a">148 S.</marc:subfield>
   </marc:datafield>
</marc:record>
